| 000 | 00657nam a2200229Ia 4500 | ||
|---|---|---|---|
| 003 | OSt | ||
| 005 | 20220925204029.0 | ||
| 006 | a|||||r|||| 00| 0 | ||
| 007 | ta | ||
| 008 | 220923b |||||||| |||| 00| 0 eng d | ||
| 037 | _cGeneral Book | ||
| 040 |
_aRTL _cRTL _beng |
||
| 041 |
_2eng _aeng |
||
| 082 | _aX:770gY:5, M6 | ||
| 100 | _aMaitra Priyatosh | ||
| 245 | 0 |
_aPopulation, technology and development _b A critica |
|
| 260 |
_aGanosgure _bGower _c1986 |
||
| 300 |
_a224p. Bib 200-10 _ccm. |
||
| 650 |
_aEconomic Development _917300 |
||
| 942 |
_hX:770gY:5, M6 _cGB _2CC |
||
| 999 |
_c548388 _d548388 |
||